LEADER 01883nam 2200409 n 450 001 996383459503316 005 20221108082203.0 035 $a(CKB)1000000000581868 035 $a(EEBO)2264178341 035 $a(UnM)99839602 035 $a(EXLCZ)991000000000581868 100 $a19901220d1549 uy | 101 0 $aeng 135 $aurbn||||a|bb| 200 14$aThe fyrste sermon of Mayster Hughe Latimer, whithe [sic] he preached before the Kynges Maiest. wythin his graces palayce at Westmynster M.D.XLIX. the viii. of Marche$b[electronic resource] $eCu[m] gratia et priuilegio ad imprimendum solum 210 $aImprinted at London $cBy Ihon Day, dwellynge at Aldersgate, and Wylliam Seres, dwellyng in Peter Colledge. These bokes are to be sold at the new shop by the lytle Conduyte in Chepesyde$d[1549] 215 $a[64] p 300 $aEdited by Thomas Some, whose name appears on A2r. 300 $aPrinters' names from colophon. 300 $aTitle within ornamental border (McK. & Ferg. 64). 300 $aSignatures: A-D. 300 $aRunning title reads: The fyrst sermon of M. Latymer. 300 $aIdentified as STC 15271 at reel 70:21a, and as STC 15273 at reel 71:2a. 300 $aReproductions of the originals in Cambridge University Library (reel 70:21a) and the British Library (reel 71:2a). 330 $aeebo-0055 606 $aSermons, English$y16th century 615 0$aSermons, English 700 $aLatimer$b Hugh$f1485?-1555.$01001508 701 $aSome$b Thomas$fb. ca. 1510.$01011367 801 0$bCu-RivES 801 1$bCu-RivES 801 2$bCStRLIN 801 2$bWaOLN 906 $aBOOK 912 $a996383459503316 996 $aThe fyrste sermon of Mayster Hughe Latimer, whithe he preached before the Kynges Maiest. wythin his graces palayce at Westmynster M.D.XLIX. the viii. of Marche$92366425 997 $aUNISA LEADER 01438aam 2200397I 450 001 9910710281603321 005 20160121100808.0 024 8 $aGOVPUB-C13-ae0801ada416055793bcf9409c12af73 035 $a(CKB)5470000002476468 035 $a(OCoLC)935499362 035 $a(EXLCZ)995470000002476468 100 $a20160121d1980 ua 0 101 0 $aeng 181 $2rdacontent 182 $2rdamedia 183 $2rdacarrier 200 10$aCollaborative reference program for color and appearance $ecolor and color difference : report no. 31 /$fT. L. Cummings; J. Horlick 210 1$aGaithersburg, MD :$cU.S. Dept. of Commerce, National Institute of Standards and Technology,$d1980. 215 $a1 online resource 225 1 $aNBSIR ;$v80-1830 300 $a1980. 300 $aContributed record: Metadata reviewed, not verified. Some fields updated by batch processes. 300 $aTitle from PDF title page. 320 $aIncludes bibliographical references. 517 $aCollaborative reference program for color and appearance 700 $aCummings$b T. L$01386493 701 $aCummings$b T. L$01386493 701 $aHorlick$b J$01386491 712 02$aUnited States.$bNational Bureau of Standards. 801 0$bNBS 801 1$bNBS 801 2$bGPO 906 $aBOOK 912 $a9910710281603321 996 $aCollaborative reference program for color and appearance$93452872 997 $aUNINA